00836 2200253 4500001002100000005001500021035002000036007000300056008004100059020002200100082001000122084001600132100003000148245005900178300003400237650001900271650002100290336002100311337003000332338002300362264004500385520013500430990001700565INLIS00000000150483120260623100648 a0010-0626000026ta260623 g 0 ind  a978-602-03-6665-4 a363.8 a363.8 RAH m0 aRahmad PribadiePengarang1 aMemupuk kesuburan menebar kemakmuran /cRahmad Pribadi axxxvii :bilustrasi ;c23 cm. 4aMasalah pangan 4aKetahanan Pangan 2rdacontentateks 2rdamediaatanpa perantara 2rdacarrieravolume aJakarta :bGramedia Pustaka Utama,c2017 abuku ini membahas mengenai perencanaan strategis, tantangan krisis, dan kesadaran bangsa akan pentingnya ketahanan pangan nasional a2023/HD/0316